|
|
|
|
| LEADER |
00963nam a2200193 i 4500 |
| 003 |
GR-PaULI |
| 005 |
20211102124503.0 |
| 008 |
211102s1991 gr ||||| |||| 00| 0 eng d |
| 952 |
|
|
|0 0
|1 0
|2 ddc
|4 0
|6 782_100000000000000_ΚΥΚ
|7 0
|9 329970
|a LISP
|b LISP
|c DON
|d 2021-11-02
|e ΓΑΛ
|i 144261
|l 0
|o 782.1 ΚΥΚ
|p 025000270382
|r 2021-11-02 00:00:00
|t 1
|v 2021.00
|w 2021-11-02
|y BKN
|
| 999 |
|
|
|c 184691
|d 184691
|
| 040 |
|
|
|a GR-PaULI
|b gre
|c GR-PaULI
|e AACR2
|
| 082 |
0 |
4 |
|2 23
|a 782.1
|
| 245 |
1 |
0 |
|a Κύκλος Ηλέκτρα :
|b Μέγαρο Μουσικής Αθηνών 1991-1992 /
|c επιμέλεια κειμένων Ανθή Μαρωνίτη.
|
| 260 |
|
|
|a [Αθήνα] :
|b Οργανισμός Μεγάρου Μουσικής Αθηνών,
|c 1991.
|
| 300 |
|
|
|a 159 σ.:
|b εικ.;
|c 31 εκ.
|
| 650 |
|
4 |
|9 188327
|a Όπερα
|x Κλασικές επιδράσεις
|
| 700 |
|
|
|9 175603
|a Μαρωνίτη, Ανθή
|e επιμελήτρια
|
| 942 |
|
|
|2 ddc
|c BKN
|
| 998 |
|
|
|c ΣΑΤΛΑΝΗΣ
|d 2021-11
|